| 000 | 00881cam a2200217 4500 | ||
|---|---|---|---|
| 001 | ABS61318 | ||
| 008 | 000000n1999 000 0 eng u | ||
| 035 | _a(Sirsi) u100470 | ||
| 100 | _aColledge, B. | ||
| 245 | _aGood faith in construction contracts - the hidden agenda | ||
| 260 | _c1999 | ||
| 490 |
_aConstruction Law Journal _v15(4) 1999, 288-299(6) |
||
| 520 | _aDiscusses the meaning of 'good faith' and the extent to which an obligation of duty and care in construction contracts is dependent on the definition of the term. Analyses the alternative solutions to addressing issues of unfairness which have been developed under English law. | ||
| 590 | _aABS | ||
| 650 | _aGOOD FAITH | ||
| 650 | _aENGLISH LAW | ||
| 650 | _aBUILT ENVIRONMENT-BUILDING CONTRACT FORMS | ||
| 650 | _aDUTY OF CARE | ||
| 690 | _aBUILT ENVIRONMENT-BUILDING CONTRACT FORMS | ||
| 942 | _n0 | ||
| 999 |
_c60106 _d60106 |
||